European Right-Wing Populist Parties in Government - Statistics

General Stats
  • This quiz has been taken 39 times
  • The average score is 9 of 11
Answer Stats
Country % Correct
Italy
97%
Slovakia
88%
Czechia
84%
Hungary
84%
Russia
84%
Croatia
81%
Serbia
81%
Switzerland
72%
Bulgaria
69%
Finland
69%
Lithuania
66%
No matching quizzes found
Score Distribution
Percent of People with Each Score
Percentile by Number Answered
Your Score History
You have not taken this quiz